000 00391nam a22001097a 4500
999 _c516113
_d516113
082 _aTNC A99 V836
100 _aMukherji, Santi L.
_922491
245 _aThe Philosophy of man-making :
_bA study in social and political ideas of Swami Vivekananda
_cby Santi L. Mukherji
260 _aCalcutta
_bNew Central
300 _a468p.
650 _aVivekananda, Swami - Criticism and interpretation
_924694